• 首页
  • 本馆介绍
  • 公告通知
  • 最新文献
  • 馆藏检索
  • 电子资源
  • 读者导购
  • 参考咨询
  • 我的图书馆
  • 登录
  • 详细信息显示
  • 放入我的书架
  • 预约/预借图书
  • 作者相关作品
  • 分类相关作品
  • 丛书相关作品
  • 出版社相关作品

书目信息

  • 表格格式
  • 工作单格式
  • 卡片格式
题名:
市场学
    
 
作者: ;中国工业科技管理大连培训中心 编
分册:  
出版信息: 北京   企业管理出版社  1981
页数: 236页
开本: 19cm
丛书名:
单 册:
中图分类: F713.5
科图分类:
主题词: 市场学
电子资源:
ISBN:
000 00689nam0 2200241 45
001 0181007131
005 20040430112131.3
010    @dCNY0.85
091    @a4207.019
100    @a19950628d1981 em y0chiy0121 ea
101 0  @achi
102    @aCN@b110000
105    @ay z 000yy
106    @ar
200 10 @a市场学@Ashi chang xue@f中国工业科技管理大连培训中心编
210    @a北京@c企业管理出版社@d1981
215    @a236页@d19cm
606    @a市场学
690    @aF713.5@v3
711 02 @a中国工业科技管理大连培训中心@Azhong guo gong ye ke ji guan li da lian pei xun zhong xin@4编
801  0 @aCN@b上海图书馆@c20040430
801  2 @aCN@bNLC@c20040430
905    @dF713.5@e11@f2@b82725-726
    
    市场学/中国工业科技管理大连培训中心编.-北京:企业管理出版社,1981
    236页;19cm
    
    
    ISBN :CNY0.85
    
●
相关链接 在E读中查询图书 在五车中查询图书 在当当中查询图书 在豆瓣中查询图书


正题名:市场学     索取号:F713.5/11         预约/预借

序号 登录号 条形码 馆藏地/架位号 状态 备注
1 0082725   000488528   密集书库/ [索取号:F713.5/11] 在馆    
2 0082726   000488519   密集书库/ [索取号:F713.5/11] 在馆    
3 0082727   000488500   第一样本阅览室/ [索取号:F713.5/11] 在馆    
唐山师范学院图书馆 欢迎您!
大连网信软件有限公司© 版权所有